Statistics for Most Ties in College Football History

Click here to take the quiz!

General Stats

  • This quiz has been taken 16 times
  • The average score is 17 of 25

Answer Stats

TiesSchool% Correct
62California
90%
54Georgia
90%
53Ohio State
90%
53Oklahoma
90%
50Stanford
90%
54Tennessee
90%
55USC
90%
50Illinois
80%
54North Carolina
80%
50Oregon State
80%
57TCU
80%
50Washington
80%
53Wisconsin
80%
51Army
70%
57Navy
70%
55NC State
70%
49Vanderbilt
70%
58Kansas
60%
52Missouri
60%
54SMU
60%
49Syracuse
60%
51Cincinnati
40%
52Temple
40%
52Bowling Green
10%
51Massachusetts
10%

Score Distribution

Percentile by Number Answered

Percent of People with Each Score

Your Score History

You have not taken this quiz